| 000 | 00511nam a22001097a 4500 | ||
|---|---|---|---|
| 082 | _a910 | ||
| 100 |
_aघटना चक्र _981916 |
||
| 245 | _aसामान्य अध्ययन पूर्वावलाेेकन सामान्य भूगोल (भारत एवं विश्व) घटना चक्र 2023 | ||
| 260 |
_aइलाहाबाद _bसम सामयिक घटना चक्र _c2023 |
||
| 650 |
_aभूूगोल _936415 |
||
| 942 | _cHIN | ||
| 999 |
_c66121 _d66121 |
||